000 004920000a22001810004500
003 MACL
005 20160130141751.0
008 160130b xxu||||| |||| 00| 0 eng d
040 _aMACL
_cMACL
041 _aEnglish
082 _a823/PAT
100 _aPatil, Mallikarjun
_936097
245 _aStories of A Campus
_bA collection of Short Stories
260 _bAtlantic Publishers and Distributors
_c2001
_aNew Delhi
350 _a150
650 _aStories
_936099
942 _cBK
_k823/PAT
_2ddc
999 _c31407
_d31407